00232nam a2200097Ia 4500008004100000100001900041245002900060260002900089300000800118650000800126191201s2012 xx 000 0 und d aTANEJA, Satish 0aEntrepreneur Development aN. DelhibGalgotiac2012 a486 aMBA